000 00661nam a22002177a 4500
999 _c9291
_d9291
003 AR-CdUCM
008 190327b ||||| |||| 00| 0 spa d
040 _aMUNICIPALIDAD PROVINCIAL DEL CUSCO
_cBIBLIOTECA MUNICIPAL DEL CUSCO
082 _a869.56 /
_bG68
100 _aGómez, Livio
_914653
245 _aDevolverles la mirada /
260 _aLima :
_bCaplina,
_c1970.
300 _a43 páginas ;
_c21 cm.
500 _aCon dedicatoria a Luis Nieto -- Donación de la familia Nieto
505 _aContenido : Poesía
650 _aPoesía
_9444
650 _aLiteratura
_9416
650 _aAutores peruanos
_9731
942 _2ddc
_cLIBROS
945 _admma